Thủ thuật Registry
Uloženo v:
| Hlavní autor: | |
|---|---|
| Médium: | Kniha |
| Jazyk: | Undetermined |
| Vydáno: |
Tp. HCM
Thống kê
2002
|
| Témata: | |
| Tagy: |
Přidat tag
Žádné tagy, Buďte první, kdo otaguje tento záznam!
|
| Thư viện lưu trữ: | Trung tâm Học liệu Trường Đại học Cần Thơ |
|---|
| LEADER | 00529nam a2200193Ia 4500 | ||
|---|---|---|---|
| 001 | CTU_59949 | ||
| 008 | 210402s9999 xx 000 0 und d | ||
| 020 | |b 90000 | ||
| 082 | |a 005.43769 | ||
| 082 | |b Nh121 | ||
| 100 | |a Đinh Vũ Nhân | ||
| 245 | 0 | |a Thủ thuật Registry | |
| 245 | 0 | |c Đinh Vũ Nhân, Lê Xuân Đồng | |
| 260 | |a Tp. HCM | ||
| 260 | |b Thống kê | ||
| 260 | |c 2002 | ||
| 650 | |a windows ( computer programs ) | ||
| 904 | |i Minh | ||
| 980 | |a Trung tâm Học liệu Trường Đại học Cần Thơ | ||